000
00302nam a2200121Ia 4500
008
241028s9999 xx 000 0 und d
041
_a
eng
082
_a
332 DEM
100
_a
Paul H Dembinski
245
_a
Finance: Servant Or Deceiver
260
_b
Palgrave
_a
New York
_c
2009
300
_a
185;. P. 22 cm
999
_c
42855
_d
42855